| 000 | 00350 a2200145 4500 | ||
|---|---|---|---|
| 001 | 72509 | ||
| 082 | _a515.15 YOU | ||
| 090 |
_c38834 _d38834 |
||
| 100 | _aYusuf, S. M | ||
| 245 | _acalculus with analytic geometry, 6/e | ||
| 250 | _a6 | ||
| 260 |
_aLahore _bIlmi Kitab Khana _c2002 |
||
| 300 | _axii, 575 p. | ||
| 500 | _aBE textbook H & S dept | ||
| 942 |
_aNUST-CAE _k515.15 YOU |
||
| 999 |
_c307582 _d307582 |
||